000
00294nam a22000977a 4500
005
20250901165245.0
008
210301b ||||| |||| 00| 0 eng d
050
_a
QD43 .M55
245
_a
Microscale experiments for general chemistry
_c
MILLS, JERRY L.
942
_2
lcc
_h
QD43 .M55 1991
999
_c
1112
_d
1112